UBT Library

KIDNEY AND URINARY TRACT (Record no. 58489)

000 -LEADER
fixed length control field 00282nam a22001337a 4500
008 - FIXED-LENGTH DATA ELEMENTS--GENERAL INFORMATION
fixed length control field 221011b ||||| |||| 00| 0 eng d
041 ## - LANGUAGE CODE
Language code of text/sound track or separate title eng
080 ## - UNIVERSAL DECIMAL CLASSIFICATION NUMBER
Universal Decimal Classification number 575
082 ## - DEWEY DECIMAL CLASSIFICATION NUMBER
Classification number 575
100 ## - Rafti
Rafti 13
101 ## - Shkurtesa
Shkurtesa BIO
245 ## - TITLE STATEMENT
Title KIDNEY AND URINARY TRACT
Statement of responsibility, etc BECKER E
942 ## - ADDED ENTRY ELEMENTS (KOHA)
Source of classification or shelving scheme
Item type Books
Holdings
Withdrawn status Lost status Source of classification or shelving scheme Damaged status Not for loan Permanent location Current location Date acquired Total Checkouts Full call number Barcode Date last seen Price effective from Koha item type
          UBT - Prishtine UBT - Prishtine 10/11/2022   575 BEC 002-80002870026025 10/11/2022 10/11/2022 Books
UBT Library © 2015-2024. All rights reserved University Education for Business and Technology